| 000 | 00514nam a2200133Ia 4500 | ||
|---|---|---|---|
| 008 | 171212s9999 xx 000 0 und d | ||
| 020 | _a9781925021905 | ||
| 100 | _aTaylor, Maria | ||
| 245 |
_cTaylor, Maria _aGlobal Warming and Climate Change _bWhat Australia knew and buried...then framed a new reality for the public |
||
| 260 |
_bANU E Press _c2014 |
||
| 650 | _aEnvironmental Science | ||
| 650 | _aGlobal warming -- Australia; Climatic changes -- Australia | ||
| 856 | _uhttp://www.jstor.org/stable/j.ctt130h8d6 | ||
| 999 |
_c351132 _d351132 |
||